Statistiques concernant Harry Potter: l’Appareil photo de Colin Crivey

Cliquez ici pour prendre le quiz!

Statistiques générales

  • Ce quiz a été pris 51 fois
  • Le résultat moyen est 4 sur 5

Statistiques - réponses

InformationRéponses% Correct
PropriétaireColin Crivey
100%
UtilisationPrendre des photos
89%
Première apparitionHarry Potter et la Chambre des Secrets
86%
Dernière apparitionHarry Potter et la Chambre des Secrets
86%
DestructeurBasilic
82%

Distribution des résultats

Percentile par nombre de réponses

% des personnes avec chaque résultat

Votre développement - résultats

Vous n’avez pas pris ce quiz